| 000 | 01171cam a2200301 4500 | ||
|---|---|---|---|
| 008 | 090401t1995 xxu||||| |||| 00| 0 eng d | ||
| 020 | _a1899769056 | ||
| 035 | _a(Sirsi) u51732 | ||
| 041 | _aeng | ||
| 050 | _a333.00285 | ||
| 100 | _aDixon, Timothy J. | ||
| 245 | _aIT skills training and education for the surveying profession: requirements for the 1990s. | ||
| 260 |
_aReading _bCollege of Estate Management _c1995 |
||
| 300 | _a241p. : ill. ; 30cm. | ||
| 350 | _a35 | ||
| 490 |
_aCollege of Estate Management Research Paper _v1995/1 |
||
| 520 | _aAn analysis of information technology skills training and education within the surveying profession, concentrating on the need for strategic planning and effective human resource management. | ||
| 650 | _aGENERAL PRACTICE | ||
| 650 | _aHUMAN RESOURCE MANAGEMENT | ||
| 650 | _aMANAGEMENT-BUSINESS MANAGEMENT-INFORMATION MANAGEMENT | ||
| 650 | _aBUILT ENVIRONMENT-QUANTITY SURVEYING | ||
| 650 | _aQUESTIONNAIRE | ||
| 650 | _aSTRATEGIC PLANNING | ||
| 690 | _aMANAGEMENT-BUSINESS MANAGEMENT-PROFESSIONAL PRACTICE | ||
| 710 |
_aCollege of Estate Management _9400 |
||
| 942 | _n0 | ||
| 948 | _c04/03/1997 | ||
| 999 |
_c92943 _d92943 |
||